| 000 | 01983 a2200229 4500 | ||
|---|---|---|---|
| 001 | 18782 | ||
| 005 | 20260407155459.0 | ||
| 008 | 260407a2009 arg spa d | ||
| 003 | AR-UNSa-BCEJYS | ||
| 040 |
_aAR-UNSa-BCEJYS _bspa _cAR-UNSa-BCEJYS |
||
| 080 |
_a349.6 _xDerecho de protección del medio ambiente |
||
| 245 | 1 | 0 | _aCuestiones ambientales |
| 020 | _a978-987-03-1586-5 | ||
| 264 | 1 |
_aBuenos Aires : _bUniversidad de Buenos Aires. Facultad de Derecho. Departamento de Publicaciones _c2009 |
|
| 300 |
_ax, 210 p. _c24 cm. |
||
| 505 | _a1. La problemática ambiental / Lidia Garrido Cordobera - 2. La percepción del cambio ambiental y su relación con el concepto de daño jurídico. El caso de las inundaciones en la Provincia de Buenos Aires / Ana Kunz - 3. La problemática ambiental en la agenda de los medios: cómo y cuánto se percibe del daño al ambiente / Joao Alves Silva ; Yamila M. Castagnola - 4. La sustentabilidad y el calentamiento global: una problemática ética y educacional / José Pablo Di Iorio ; Virginia Carolina Olexyn - 5. Derecho ambiental. Derecho Comparado regional / Natalia E. Torres Santomé - 6. Los llamados "daños punitivos" y el daño ambiental (reflexiones sobre su posible incorporación al ordenamiento argentino) / Ramiro J. Prieto Molinero - 7. Medio Ambiente urbano / María Delia Pereiro de Grigaravcius - 8. Responsabilidad de los funcionarios públicos en materia ambiental / Sergio Sebastián Barocelli - 9. Preservación de la línea costera frente a las políticas portuarias / Sofía Capalbo - 10. El problema de la basura en al AMBA. Estado de situación y posible soluciones / Walter F. Krieges - 11. Certificados de reducción de emisiones (CERs) o "bonos verdes" | ||
| 942 | _cBK | ||
| 590 | _aniveau_biblio:m niveau_hierar:0 | ||
| 100 | 1 | _aKunz, Ana | |
| 700 | 1 | _aGarrido Cordobera, Lidia | |
| 856 | 4 | 1 |
_uhttps://biblioeco.unsa.edu.ar/pmb/images/libros/Cuestiones Ambientales-l117909.jpg _yImagen de portada _qimage/jpeg |
| 999 |
_c728 _d728 |
||